000 00527nam a22002057a 4500
003 BUBTL
008 210307b xxu||||| |||| 00| 0 eng d
020 _a978-1-4082-5261-1
082 _a346.04/SMP
100 _aSmith, Roger J.
_94001
245 _aProperty Law
_bRoger J. Smith
250 _a7th
260 _aLondon
_bPearson
_cc2011
300 _a[xiv] , 620p . :
_b23cm.
500 _aIncludes Index
650 _aLaw
_94002
856 _k0
_l0
_yDownload
942 _2ddc
_cBK
999 _c6474
_d6474